Les 25 Plus Grandes Villes de France - Statistiques

Statistiques générales
  • Ce quiz a été pris 73 fois
  • Le résultat moyen est 16 sur 25
Statistiques - réponses
Population Ville % Correct
11.4m Paris
100%
1.8m Lyon
99%
1.7m Marseille
99%
1.1m Lille
96%
1.1m Toulouse
96%
1.0m Bordeaux
94%
1.0m Nice
93%
492,925 Strasbourg
93%
490,812 Montpellier
88%
716,952 Nantes
88%
374,366 Rennes
88%
156,920 Dijon
69%
182,460 Reims
66%
547,057 Grenoble
63%
596,228 Toulon
63%
383,621 Saint-Etienne
58%
152,960 Angers
54%
170,147 Le Havre
51%
371,872 Tours
49%
150,610 Nimes
48%
481,335 Rouen
45%
486,710 Avignon
19%
366,909 Bethune
3%
183,430 Cergy-Pontoise
3%
346,237 Valenciennes
1%
Aucun quiz correspondant
Distribution des résultats
% des personnes avec chaque résultat
Percentile par nombre de réponses
Votre historique - résultats
Vous n’avez pas pris ce quiz